[Event "DEM U12/U12w 2013"]
[Site "Oberhof GER"]
[Date "2013.05.24"]
[Round "9"]
[White "Lellek, Lewin Louis"]
[Black "Lohrmann, Tabea"]
[Result "1-0"]
[Termination "normal"]
[Board "36"]
[WhiteElo "1276"]
[BlackElo "1553"]
[PlyCount "107"]
[WhiteFideId "12971820"]
[BlackFideId "12911941"]
[EventCountry "GER"]
[EventRounds "11"]
[EventType "swiss"]
[EventDate "2013.05.18"]

1. e4 e5 2. Nf3 Nc6 3. Bc4 Bc5 4. O-O Nf6 5. d4 Bxd4 6. Nxd4 Nxd4 7. f4 Nc6 8.
fxe5 Nxe5 9. Bb3 O-O 10. Bg5 Qe7 11. Bxf6 gxf6 12. Nc3 c6 13. Qh5 d6 14. Rf2
Be6 15. Raf1 Nd7 16. Rf3 f5 17. exf5 Nf6 18. Qg5+ Kh8 19. fxe6 fxe6 20. Rxf6
Rg8 21. Qh6 Qg7 22. Qxg7+ Rxg7 23. Rf8+ Rxf8 24. Rxf8+ Rg8 25. Rxg8+ Kxg8 26.
Bxe6+ Kg7 27. Bc8 b6 28. Bd7 c5 29. Kf2 d5 30. Nxd5 Kg6 31. Ke3 Kg5 32. Ke4 h5
33. Ke5 h4 34. Kd6 Kg6 35. Kc6 c4 36. Kb7 Kg5 37. Kxa7 b5 38. Bxb5 Kf5 39. Bxc4
Ke5 40. a4 Kd4 41. b3 Kc5 42. g4 hxg3 43. hxg3 Kc6 44. g4 Kd6 45. g5 Ke6 46.
Ne3+ Ke7 47. g6 Kf8 48. a5 Kg7 49. a6 Kxg6 50. Kb7 Kf6 51. a7 Ke7 52. a8=Q Kd6
53. Qd8+ Kc5 54. Qb6# 1-0

[Event "DEM U12/U12w 2013"]
[Site "Oberhof GER"]
[Date "2013.05.24"]
[Round "9"]
[White "Flach, Helene"]
[Black "Cejda, Cecilia"]
[Result "1/2-1/2"]
[Termination "normal"]
[Board "37"]
[WhiteElo "1272"]
[BlackElo "1335"]
[PlyCount "41"]
[WhiteFideId "12929735"]
[BlackFideId "12921122"]
[EventCountry "GER"]
[EventRounds "11"]
[EventType "swiss"]
[EventDate "2013.05.18"]

1. e4 c5 2. Nf3 d6 3. Bb5+ Nd7 4. c3 a6 5. Ba4 b5 6. Bc2 Ngf6 7. O-O e6 8. Re1
Be7 9. d4 O-O 10. Nbd2 Bb7 11. Nf1 Ne8 12. Ng3 Nc7 13. Bd2 d5 14. e5 f6 15. Qb1
g6 16. Bxg6 hxg6 17. Qxg6+ Kh8 18. Qh6+ Kg8 19. Qg6+ Kh8 20. Qh6+ Kg8 21. Qg6+
1/2-1/2

[Event "DEM U12/U12w 2013"]
[Site "Oberhof GER"]
[Date "2013.05.24"]
[Round "9"]
[White "Riegel, Arinna"]
[Black "Walow, Xenia"]
[Result "1-0"]
[Termination "normal"]
[Board "38"]
[WhiteElo "1306"]
[BlackElo "1271"]
[PlyCount "133"]
[WhiteFideId "12931446"]
[BlackFideId "12971839"]
[EventCountry "GER"]
[EventRounds "11"]
[EventType "swiss"]
[EventDate "2013.05.18"]

1. e4 c5 2. Nf3 d6 3. Bb5+ Nd7 4. O-O a6 5. Bd3 Ngf6 6. c3 b5 7. Bc2 Bb7 8. Re1
e6 9. d4 Qc7 10. Bg5 Be7 11. Nbd2 Rc8 12. Rc1 h6 13. Bxf6 Nxf6 14. e5 dxe5 15.
dxe5 Nd5 16. Qe2 Rd8 17. Rcd1 Nf4 18. Qf1 g5 19. h3 h5 20. Be4 g4 21. hxg4 hxg4
22. Bxb7 Qxb7 23. Nh2 Rg8 24. Re3 Bh4 25. Ne4 Rxd1 26. Qxd1 Qc7 27. Qd6 Qxd6
28. Nxd6+ Ke7 29. Nb7 c4 30. Nc5 Bg5 31. Re1 Nd3 32. Nxd3 cxd3 33. Nxg4 Bd2 34.
Rd1 Bxc3 35. Nf6 Rg5 36. bxc3 Rxe5 37. Ng4 Rd5 38. Ne3 Rd6 39. Rd2 f5 40. g3
Kf6 41. f4 e5 42. Rh2 Ke6 43. Rh6+ Kd7 44. Rxd6+ Kxd6 45. Kf2 exf4 46. gxf4 Kc5
47. Ke1 b4 48. Kd2 bxc3+ 49. Kxc3 d2 50. Kxd2 Kd4 51. Nxf5+ Ke4 52. Nd6+ Kxf4
53. Kc3 Ke5 54. Nc8 Kd5 55. Kb4 Kc6 56. Ka5 Kc7 57. Ne7 Kb7 58. Nd5 Ka7 59. Nc7
Kb7 60. Nxa6 Ka7 61. Kb5 Kb7 62. a4 Ka7 63. Nc5 Ka8 64. Kb6 Kb8 65. a5 Ka8 66.
a6 Kb8 67. Ne6 1-0

[Event "DEM U12/U12w 2013"]
[Site "Oberhof GER"]
[Date "2013.05.24"]
[Round "9"]
[White "Wong, Kar Yan"]
[Black "Schulz, Theresa Charlotte"]
[Result "0-1"]
[Termination "normal"]
[Board "39"]
[WhiteElo "1189"]
[BlackElo "1306"]
[PlyCount "120"]
[WhiteFideId "12971855"]
[BlackFideId "12952206"]
[EventCountry "GER"]
[EventRounds "11"]
[EventType "swiss"]
[EventDate "2013.05.18"]

1. e4 c5 2. Nf3 Nc6 3. d4 cxd4 4. Nxd4 g6 5. Nc3 Bg7 6. Be3 Nf6 7. Bc4 Qa5 8.
O-O O-O 9. Bb3 d6 10. Nf3 Bd7 11. Re1 Rfe8 12. h3 Rac8 13. Bg5 Ne5 14. Nd5
Nxf3+ 15. Qxf3 Nxd5 16. exd5 Bxb2 17. Rab1 e6 18. dxe6 Bxe6 19. Bxe6 fxe6 20.
Qxb7 Bg7 21. Qb5 Qxb5 22. Rxb5 Rxc2 23. Ra5 Bd4 24. Ra6 Bxf2+ 25. Kf1 Bxe1 26.
Kxe1 Rxg2 27. Bh6 Kf7 28. Rxa7+ Kf6 29. Rd7 Rxa2 30. Rxd6 Rh2 31. Rd7 Rxh3 32.
Rxh7 Kf5 33. Rf7+ Ke5 34. Bg7+ Ke4 35. Rf6 Ke3 36. Kf1 Rg3 37. Bh6+ Ke4 38.
Rf4+ Kd5 39. Kf2 Rh3 40. Bg7 e5 41. Rg4 e4 42. Bc3 e3+ 43. Kg2 Rh6 44. Rd4+ Kc5
45. Rf4 e2 46. Bd2 Rh5 47. Rg4 e1=Q 48. Bxe1 Rxe1 49. Rxg6 Ree5 50. Rg4 Rhg5
51. Rxg5 Rxg5+ 52. Kf3 Kd5 53. Kf4 Re5 54. Kg3 Kd4 55. Kf4 Kd5 56. Kf3 Re4 57.
Kf2 Kd4 58. Kf3 Kd3 59. Kf2 Re3 60. Kf1 Re2 0-1

[Event "DEM U12/U12w 2013"]
[Site "Oberhof GER"]
[Date "2013.05.24"]
[Round "9"]
[White "von Jan, Lena"]
[Black "Voß, Henrike"]
[Result "1/2-1/2"]
[Termination "normal"]
[Board "40"]
[WhiteElo "1285"]
[BlackElo "1063"]
[PlyCount "97"]
[WhiteFideId "12946060"]
[BlackFideId "12971910"]
[EventCountry "GER"]
[EventRounds "11"]
[EventType "swiss"]
[EventDate "2013.05.18"]

1. e4 e5 2. Nf3 Nc6 3. Bb5 a6 4. Ba4 Nf6 5. d3 b5 6. Bb3 d5 7. Qe2 dxe4 8. dxe4
h6 9. c3 Be7 10. O-O O-O 11. Nbd2 Be6 12. Bxe6 fxe6 13. Rd1 Qe8 14. Nf1 Qg6 15.
Ng3 Nh5 16. Rf1 Nxg3 17. fxg3 Bc5+ 18. Be3 Qxe4 19. Rfe1 Qxe3+ 20. Qxe3 Bxe3+
21. Rxe3 Rae8 22. Nxe5 Nxe5 23. Rxe5 Rf5 24. Rxf5 exf5 25. a4 Re2 26. axb5 axb5
27. b4 Rc2 28. Ra5 c6 29. Ra3 Kf7 30. Ra7+ Kf6 31. Ra3 Rc1+ 32. Kf2 Rc2+ 33.
Kf1 Rc1+ 34. Kf2 Rc2+ 35. Kf3 g5 36. h3 h5 37. h4 g4+ 38. Kf4 Rxg2 39. Ra6 Rf2+
40. Ke3 Rf3+ 41. Kd2 Rxg3 42. Rxc6+ Ke7 43. c4 bxc4 44. Rxc4 Rg2+ 45. Kc3 Rg3+
46. Kc2 Rg2+ 47. Kc3 Rg3+ 48. Kc2 Rg2+ 49. Kc3 1/2-1/2

[Event "DEM U12/U12w 2013"]
[Site "Oberhof GER"]
[Date "2013.05.24"]
[Round "9"]
[White "Reif, Karla"]
[Black "Böse, Carolin"]
[Result "1-0"]
[Termination "normal"]
[Board "41"]
[WhiteElo "1165"]
[BlackElo "1263"]
[PlyCount "61"]
[WhiteFideId "12971871"]
[BlackFideId "12929646"]
[EventCountry "GER"]
[EventRounds "11"]
[EventType "swiss"]
[EventDate "2013.05.18"]

1. e4 e6 2. d4 d5 3. Nd2 Nf6 4. e5 Nfd7 5. Bd3 c5 6. c3 Nc6 7. Ne2 Qb6 8. Nf3
f6 9. exf6 Nxf6 10. b3 Bd7 11. O-O Bd6 12. Be3 Ne4 13. Rc1 O-O 14. Qc2 Nf6 15.
Ng5 g6 16. Bf4 Qc7 17. Bxd6 Qxd6 18. h3 Kg7 19. f4 Nh5 20. g3 cxd4 21. cxd4
Rac8 22. Qb2 Nb4 23. Bb1 h6 24. Nf3 Bb5 25. Ne5 Bxe2 26. Qxe2 Nxg3 27. Qg2 Ne4
28. Qxg6+ Kh8 29. Qxh6+ Kg8 30. Qg6+ Kh8 31. Rxc8 1-0

[Event "DEM U12/U12w 2013"]
[Site "Oberhof GER"]
[Date "2013.05.24"]
[Round "9"]
[White "Grey, Andrea"]
[Black "Merker, Vivien"]
[Result "0-1"]
[Termination "normal"]
[Board "42"]
[WhiteElo "1157"]
[BlackElo "1255"]
[PlyCount "82"]
[WhiteFideId "12971880"]
[BlackFideId "12927260"]
[EventCountry "GER"]
[EventRounds "11"]
[EventType "swiss"]
[EventDate "2013.05.18"]

1. d4 d5 2. c4 e6 3. e3 Nf6 4. Nc3 Be7 5. Bd3 O-O 6. Nf3 Nbd7 7. O-O dxc4 8.
Bxc4 c5 9. dxc5 Bxc5 10. a3 Qc7 11. b4 Bd6 12. Qb3 Ne5 13. Nxe5 Bxe5 14. h3 Ne4
15. Nb5 Qb6 16. Rb1 a6 17. Bd3 Qc6 18. Bxe4 Qxe4 19. Nc3 Bxc3 20. f3 Qg6 21.
Rd1 b5 22. e4 Bf6 23. Be3 e5 24. Kh1 Qg3 25. Rd2 Bg5 26. Bf2 Qf4 27. Rbd1 Be6
28. Qd3 Qf6 29. Rb2 Rfd8 30. Qf1 Bxh3 31. Rbb1 Rxd1 32. Rxd1 Be6 33. Kg1 h5 34.
Qe2 Bc4 35. Qe1 h4 36. Qc3 Bf4 37. Kh1 Qh6 38. Kg1 h3 39. Qc2 hxg2 40. Bc5 Qh2+
41. Kf2 g1=Q# 0-1

[Event "DEM U12/U12w 2013"]
[Site "Oberhof GER"]
[Date "2013.05.24"]
[Round "9"]
[White "Schubert, Lea Sophie"]
[Black "Schmidt, Sarah"]
[Result "1/2-1/2"]
[Termination "normal"]
[Board "43"]
[WhiteElo "816"]
[BlackElo "1194"]
[PlyCount "143"]
[BlackFideId "12965480"]
[EventCountry "GER"]
[EventRounds "11"]
[EventType "swiss"]
[EventDate "2013.05.18"]

1. e4 d5 2. exd5 Nf6 3. d4 Nxd5 4. c4 Nb6 5. Nf3 g6 6. h3 Bg7 7. Be3 O-O 8. Nc3
Nc6 9. c5 Nd5 10. Nxd5 Qxd5 11. b3 Qd8 12. Bb5 Bd7 13. Rc1 a6 14. Bxc6 Bxc6 15.
Ne5 Bxg2 16. Rh2 Bxe5 17. dxe5 Qxd1+ 18. Rxd1 Bf3 19. Rd2 Rfd8 20. h4 Rxd2 21.
Bxd2 Rd8 22. Rh3 Bh5 23. f3 Rd5 24. b4 Rxe5+ 25. Kf2 Rd5 26. Bf4 e5 27. Bg5 Kg7
28. Be3 f5 29. f4 e4 30. a4 Bd1 31. a5 Kf6 32. Rh1 Bf3 33. Rb1 Rd1 34. Rxd1
Bxd1 35. Ke1 Bb3 36. Kd2 Bc4 37. Kc3 Bb5 38. Bd4+ Ke7 39. Be3 Kd7 40. Kd4 Ke6
41. Kc3 Kd5 42. Kb3 h6 43. Kc3 Ba4 44. Bd2 e3 45. Bxe3 Ke4 46. Kd2 Kf3 47. Kd3
Kg4 48. Kd4 Kxh4 49. Ke5 Bb3 50. Kf6 Kg4 51. Kxg6 h5 52. Bf2 Kxf4 53. Kxh5 Ke5
54. Bg3+ f4 55. Bh2 Ke4 56. Kh4 f3 57. Kg3 Bd1 58. Kf2 c6 59. Bg1 Kd5 60. Ke1
Be2 61. Be3 Kc4 62. Bd2 Kd3 63. Bf4 Ke4 64. Bd2 Kd3 65. Bf4 Bd1 66. Bg3 Bb3 67.
Kf1 Bc4 68. Be1 Ke3+ 69. Kg1 Ke2 70. Bf2 Be6 71. Bg3 Kd3 72. Be1 1/2-1/2

[Event "DEM U12/U12w 2013"]
[Site "Oberhof GER"]
[Date "2013.05.24"]
[Round "9"]
[White "Watzlawik, Lee David"]
[Black "Christiansen, Sarah"]
[Result "1-0"]
[Termination "normal"]
[Board "46"]
[WhiteElo "1170"]
[BlackElo "1014"]
[PlyCount "39"]
[WhiteFideId "1270474"]
[BlackFideId "12971936"]
[EventCountry "GER"]
[EventRounds "11"]
[EventType "swiss"]
[EventDate "2013.05.18"]

1. e4 e5 2. Nf3 Nc6 3. d4 Bd6 4. d5 Nce7 5. Nc3 Nf6 6. Bg5 Ng6 7. Bc4 O-O 8.
Qd2 Be7 9. O-O-O d6 10. h4 Re8 11. h5 Nf8 12. h6 N8d7 13. hxg7 Kxg7 14. Bxf6+
Nxf6 15. Qh6+ Kh8 16. Ng5 Kg8 17. Nxh7 a6 18. Ng5 Nh7 19. Qxh7+ Kf8 20. Qh8#
1-0

[Event "DEM U12/U12w 2013"]
[Site "Oberhof GER"]
[Date "2013.05.24"]
[Round "9"]
[White "Schulze, Nick"]
[Black "Hofmann, Jana"]
[Result "1-0"]
[Termination "normal"]
[Board "47"]
[WhiteElo "1257"]
[BlackElo "970"]
[PlyCount "35"]
[WhiteFideId "12971847"]
[BlackFideId "12971952"]
[EventCountry "GER"]
[EventRounds "11"]
[EventType "swiss"]
[EventDate "2013.05.18"]

1. d4 d5 2. Nf3 Nf6 3. e3 e6 4. Bd3 b6 5. Nbd2 Bb7 6. Ne5 Bd6 7. f4 c6 8. Qf3
Nbd7 9. O-O Be7 10. g4 Nf8 11. g5 Ng8 12. f5 f6 13. Qh5+ g6 14. fxg6 Nxg6 15.
Bxg6+ Kf8 16. Bf7 fxe5 17. Bxg8+ Bf6 18. Qf7# 1-0

[Event "DEM U12/U12w 2013"]
[Site "Oberhof GER"]
[Date "2013.05.24"]
[Round "9"]
[White "Weiten, Teresa"]
[Black "Duan, Muxi"]
[Result "0-1"]
[Termination "normal"]
[Board "48"]
[WhiteElo "995"]
[BlackElo "929"]
[PlyCount "70"]
[WhiteFideId "12971944"]
[BlackFideId "12971960"]
[EventCountry "GER"]
[EventRounds "11"]
[EventType "swiss"]
[EventDate "2013.05.18"]

1. e4 e5 2. Nf3 Nc6 3. Nc3 Nf6 4. d4 exd4 5. Nxd4 Bb4 6. Nxc6 bxc6 7. Bd3 d5 8.
exd5 cxd5 9. O-O O-O 10. Bg5 c6 11. Qf3 Be6 12. Rad1 c5 13. Ne2 h6 14. Bh4 d4
15. Ng3 Bg4 16. Qxg4 Nxg4 17. Bxd8 Raxd8 18. Rc1 Bd2 19. Rcd1 Ba5 20. Ne4 Bb6
21. Rfe1 f5 22. Ng3 f4 23. Nf5 g6 24. Ne7+ Kg7 25. Bxg6 c4 26. Re6 Rf6 27. Rde1
d3 28. Nc6 Rd6 29. Rxd6 Rxd6 30. Be4 Bxf2+ 31. Kf1 Bxe1 32. Kxe1 d2+ 33. Kd1
Nf2+ 34. Ke2 d1=Q+ 35. Kxf2 Rd2# 0-1

[Event "DEM U12/U12w 2013"]
[Site "Oberhof GER"]
[Date "2013.05.24"]
[Round "10"]
[White "Buckels, Valentin"]
[Black "Martin, Julian"]
[Result "1/2-1/2"]
[Termination "normal"]
[Board "1"]
[WhiteElo "1994"]
[BlackElo "1847"]
[PlyCount "54"]
[WhiteFideId "12942766"]
[BlackFideId "12941000"]
[EventCountry "GER"]
[EventRounds "11"]
[EventType "swiss"]
[EventDate "2013.05.18"]

1. d4 Nf6 2. c4 c5 3. d5 b5 4. cxb5 a6 5. b6 d6 6. Nc3 Nbd7 7. g3 g6 8. Bg2 Bg7
9. Nf3 O-O 10. a4 a5 11. O-O Qxb6 12. h3 Ba6 13. Re1 Rad8 14. e4 Rfe8 15. Bf1
Bxf1 16. Kxf1 h6 17. Kg2 e6 18. dxe6 Rxe6 19. Nd2 Qb7 20. f3 d5 21. exd5 Rxe1
22. Qxe1 Nxd5 23. Nxd5 Qxd5 24. Qe4 Nb6 25. Qxd5 Rxd5 26. Ne4 Nc4 27. Bxh6 Nxb2
1/2-1/2

[Event "DEM U12/U12w 2013"]
[Site "Oberhof GER"]
[Date "2013.05.24"]
[Round "10"]
[White "Mätzkow, Maximilian Paul"]
[Black "Savchenko, Daniel"]
[Result "1/2-1/2"]
[Termination "normal"]
[Board "2"]
[WhiteElo "1730"]
[BlackElo "1763"]
[PlyCount "59"]
[WhiteFideId "24679933"]
[BlackFideId "12919195"]
[EventCountry "GER"]
[EventRounds "11"]
[EventType "swiss"]
[EventDate "2013.05.18"]

1. e4 e5 2. Nc3 Nf6 3. f4 d5 4. fxe5 Nxe4 5. Nf3 Bg4 6. d3 Nc5 7. Be2 Nc6 8.
O-O Be7 9. d4 Ne6 10. Be3 O-O 11. Qd2 Bb4 12. Ng5 Bxe2 13. Nxe6 fxe6 14. Rxf8+
Qxf8 15. Qxe2 Bxc3 16. bxc3 Qa3 17. Rf1 Ne7 18. Qf2 Nf5 19. Bd2 Qf8 20. Bg5 Qe8
21. Bc1 Qg6 22. Ba3 Qg5 23. Bc1 Qg6 24. Kh1 h6 25. Qf4 Kh7 26. g4 Ne7 27. g5 h5
28. Ba3 Nf5 29. c4 Rd8 30. c5 1/2-1/2

[Event "DEM U12/U12w 2013"]
[Site "Oberhof GER"]
[Date "2013.05.24"]
[Round "10"]
[White "Gungl, Theo"]
[Black "Poghosyan, Tigran"]
[Result "1-0"]
[Termination "normal"]
[Board "3"]
[WhiteElo "1916"]
[BlackElo "1945"]
[PlyCount "47"]
[WhiteFideId "24695653"]
[BlackFideId "12909319"]
[EventCountry "GER"]
[EventRounds "11"]
[EventType "swiss"]
[EventDate "2013.05.18"]

1. e4 c5 2. Nf3 d6 3. d4 cxd4 4. Nxd4 Nf6 5. Nc3 a6 6. Bg5 Nbd7 7. f4 Qc7 8.
Qf3 h6 9. Bxf6 Nxf6 10. f5 Qc5 11. O-O-O g5 12. e5 Qxe5 13. g3 g4 14. Qf2 h5
15. Kb1 h4 16. Bg2 h3 17. Rhe1 Qa5 18. Bh1 Qc7 19. Ndb5 axb5 20. Nxb5 Qb8 21.
Nxd6+ Kd7 22. Nb5+ Ke8 23. Nd6+ Kd8 24. Nxb7+ 1-0

[Event "DEM U12/U12w 2013"]
[Site "Oberhof GER"]
[Date "2013.05.24"]
[Round "10"]
[White "Reuker, Jari"]
[Black "Vuckovic, Zarko"]
[Result "1/2-1/2"]
[Termination "normal"]
[Board "4"]
[WhiteElo "1802"]
[BlackElo "1722"]
[PlyCount "63"]
[WhiteFideId "12909300"]
[BlackFideId "12952087"]
[EventCountry "GER"]
[EventRounds "11"]
[EventType "swiss"]
[EventDate "2013.05.18"]

1. d4 e6 2. e4 d5 3. exd5 exd5 4. Nf3 Bd6 5. c4 Qe7+ 6. Be2 dxc4 7. O-O Nf6 8.
Bxc4 O-O 9. Nc3 Bg4 10. Bg5 Nbd7 11. Re1 Qd8 12. Rc1 Re8 13. Qb3 Rxe1+ 14. Rxe1
Qf8 15. Ne5 Bh5 16. Nxd7 Nxd7 17. Ne4 Nb6 18. Bd3 Bg6 19. h4 h6 20. Bd2 Be7 21.
g3 Qd8 22. Ng5 Bxg5 23. Bxg5 Qd5 24. Bxg6 Qxb3 25. axb3 hxg5 26. Bh5 gxh4 27.
Re7 g6 28. Bf3 hxg3 29. fxg3 Rd8 30. Rxc7 Rxd4 31. Bxb7 Rd3 32. Rc3 1/2-1/2

[Event "DEM U12/U12w 2013"]
[Site "Oberhof GER"]
[Date "2013.05.24"]
[Round "10"]
[White "Stein, Robert"]
[Black "Schmidek, Emil"]
[Result "0-1"]
[Termination "normal"]
[Board "5"]
[WhiteElo "1728"]
[BlackElo "1957"]
[PlyCount "72"]
[WhiteFideId "12921084"]
[BlackFideId "12908150"]
[EventCountry "GER"]
[EventRounds "11"]
[EventType "swiss"]
[EventDate "2013.05.18"]

1. e4 e5 2. Nf3 Nc6 3. d4 exd4 4. Nxd4 Bc5 5. Nb3 Bb6 6. Nc3 d6 7. Qe2 Be6 8.
Be3 Nf6 9. f3 Qe7 10. O-O-O Bxb3 11. axb3 O-O 12. g4 Nd7 13. g5 Bxe3+ 14. Qxe3
a5 15. Rg1 Nb4 16. Qf2 Nc5 17. Qh4 a4 18. Rd4 d5 19. Kb1 Ne6 20. Nxd5 Nxd5 21.
exd5 Nxd4 22. Bd3 g6 23. Qxd4 axb3 24. cxb3 Rfe8 25. Be4 Qe5 26. Qf2 Ra5 27. h4
Rea8 28. Kc2 Ra1 29. Rxa1 Rxa1 30. h5 Rh1 31. Qa7 Rxh5 32. Qb8+ Kg7 33. Qxb7
Rh2+ 34. Kd3 Qxb2 35. Qxc7 Qd2+ 36. Kc4 Qc1+ 0-1

[Event "DEM U12/U12w 2013"]
[Site "Oberhof GER"]
[Date "2013.05.24"]
[Round "10"]
[White "Rockmann, Jan-Okke"]
[Black "Mantel, Ruben"]
[Result "1/2-1/2"]
[Termination "normal"]
[Board "6"]
[WhiteElo "1785"]
[BlackElo "1667"]
[PlyCount "80"]
[WhiteFideId "12942111"]
[BlackFideId "12930121"]
[EventCountry "GER"]
[EventRounds "11"]
[EventType "swiss"]
[EventDate "2013.05.18"]

1. d4 d5 2. c4 e6 3. Nc3 Nf6 4. e3 Nbd7 5. Nf3 Be7 6. Bd3 O-O 7. Qc2 a6 8. c5
Re8 9. g4 Nf8 10. Ne5 Ng6 11. Bxg6 hxg6 12. h4 Nd7 13. Nf3 c6 14. Bd2 e5 15.
O-O-O e4 16. Ng5 Nf6 17. f3 exf3 18. h5 Nxg4 19. Nxf7 Kxf7 20. Qxg6+ Kf8 21. e4
Bf6 22. h6 gxh6 23. exd5 cxd5 24. Rdf1 Be6 25. Rxf3 Ke7 26. Rxf6 Nxf6 27. Rxh6
Kd7 28. Qxf6 Qxf6 29. Rxf6 Rf8 30. Nxd5 Rxf6 31. Nxf6+ Kc6 32. b3 Rf8 33. Bg5
Rh8 34. Kb2 Rh2+ 35. Ka3 Rg2 36. Bf4 Rg6 37. Be5 Bd5 38. Nxd5 Kxd5 39. Kb4 Rg2
40. a4 Rf2 1/2-1/2

[Event "DEM U12/U12w 2013"]
[Site "Oberhof GER"]
[Date "2013.05.24"]
[Round "10"]
[White "Schneider, Jana"]
[Black "Renger, Niklas"]
[Result "1-0"]
[Termination "normal"]
[Board "7"]
[WhiteElo "1644"]
[BlackElo "1815"]
[PlyCount "105"]
[WhiteFideId "12924997"]
[BlackFideId "12908096"]
[EventCountry "GER"]
[EventRounds "11"]
[EventType "swiss"]
[EventDate "2013.05.18"]

1. e4 c5 2. Nc3 d6 3. Bc4 g6 4. d3 e6 5. a3 Bg7 6. Ba2 Nc6 7. Bf4 a6 8. Nf3
Nge7 9. Qd2 b5 10. O-O O-O 11. Bh6 f5 12. Bxg7 Kxg7 13. d4 c4 14. Rfe1 d5 15.
exd5 Nxd5 16. Ne5 Bb7 17. Nxc6 Bxc6 18. Re5 Nxc3 19. Qxc3 Bd5 20. b3 a5 21.
bxc4 bxc4 22. Rae1 Re8 23. Rb1 Qd7 24. Ree1 Qc7 25. Rb5 Kf7 26. Reb1 Reb8 27.
h3 Rxb5 28. Rxb5 Rb8 29. Rxb8 Qxb8 30. Qxa5 Qb2 31. Qc7+ Kf6 32. Bxc4 Qxa3 33.
Qd8+ Kf7 34. Bxd5 exd5 35. Qxd5+ Kg7 36. Qe5+ Kf7 37. d5 Qc1+ 38. Kh2 Qxc2 39.
Qe6+ Kf8 40. f3 Qd2 41. Qe5 Kf7 42. d6 h6 43. Qe7+ Kg8 44. Qd8+ Kf7 45. Qc7+
Ke6 46. Qe7+ Kd5 47. d7 Qf4+ 48. Kg1 Qc1+ 49. Kf2 Qd2+ 50. Qe2 Qd4+ 51. Qe3
Qb2+ 52. Kg3 Qb8+ 53. f4 1-0

[Event "DEM U12/U12w 2013"]
[Site "Oberhof GER"]
[Date "2013.05.24"]
[Round "10"]
[White "Birg, Raphael"]
[Black "Engel, Luis"]
[Result "0-1"]
[Termination "normal"]
[Board "8"]
[WhiteElo "1542"]
[BlackElo "1740"]
[PlyCount "94"]
[WhiteFideId "12971774"]
[BlackFideId "12961523"]
[EventCountry "GER"]
[EventRounds "11"]
[EventType "swiss"]
[EventDate "2013.05.18"]

1. e4 c5 2. Nf3 d6 3. d4 cxd4 4. Nxd4 Nf6 5. Nc3 a6 6. Be2 e5 7. Nb3 Be6 8. Be3
Be7 9. Qd2 O-O 10. O-O Nbd7 11. a4 Qc7 12. f3 Rac8 13. Rfd1 Rfd8 14. Rac1 h6
15. Qe1 Nb6 16. a5 Nc4 17. Bxc4 Qxc4 18. Bb6 Rd7 19. Rd3 Bd8 20. Nd5 Qb5 21.
Bxd8 Rdxd8 22. Nxf6+ gxf6 23. Qd2 Kh7 24. f4 exf4 25. Qxf4 Qe5 26. Qxe5 fxe5
27. Nd2 d5 28. exd5 Rxd5 29. Rxd5 Bxd5 30. c4 Kg6 31. b3 Bc6 32. Kf2 Rd8 33.
Ke3 f5 34. Nf3 Kf6 35. b4 f4+ 36. Ke2 e4 37. Ne1 Ke5 38. Rc3 Kd4 39. Rc1 Rg8
40. Kf2 h5 41. b5 axb5 42. cxb5 Bxb5 43. Rc7 e3+ 44. Kg1 Bc6 45. a6 f3 46. axb7
f2+ 47. Kf1 Bb5+ 0-1

[Event "DEM U12/U12w 2013"]
[Site "Oberhof GER"]
[Date "2013.05.24"]
[Round "10"]
[White "Fieberg, Samuel"]
[Black "Engel, Johann"]
[Result "1-0"]
[Termination "normal"]
[Board "9"]
[WhiteElo "1900"]
[BlackElo "1650"]
[PlyCount "201"]
[WhiteFideId "12901717"]
[BlackFideId "12920509"]
[EventCountry "GER"]
[EventRounds "11"]
[EventType "swiss"]
[EventDate "2013.05.18"]

1. e4 c6 2. d4 d5 3. Nc3 dxe4 4. Nxe4 Nf6 5. Nxf6+ exf6 6. c3 Bd6 7. Bd3 O-O 8.
Qc2 h6 9. Ne2 Bg4 10. O-O Nd7 11. h3 Be6 12. Nf4 Re8 13. Re1 Bxf4 14. Bxf4 Nb6
15. Bg3 Qd7 16. b3 Nd5 17. Re2 Re7 18. Rae1 Rae8 19. a3 Qd8 20. c4 Nc7 21. Be4
Qxd4 22. Rd2 Qb6 23. Bd6 Rd7 24. Re3 Na6 25. Red3 Qd8 26. c5 Nc7 27. Rg3 Nb5
28. Bf4 Rxd2 29. Bxd2 Nd4 30. Qd3 Nxb3 31. Bxh6 Qxd3 32. Rxg7+ Kh8 33. Bxd3
Nxc5 34. Bc2 f5 35. g4 fxg4 36. Rh7+ Kg8 37. hxg4 Bb3 38. Rg7+ Kh8 39. Bxb3
Nxb3 40. Rxf7 Re1+ 41. Kg2 Nc5 42. Be3 b6 43. Rxa7 Rd1 44. Bxc5 bxc5 45. Kf3 c4
46. Ra4 Rd4 47. Rb4 c5 48. Rb2 Rd3+ 49. Ke2 Rxa3 50. Rc2 Ra4 51. Rc3 Kg7 52. f4
Rb4 53. Ke3 Rb3 54. Kd2 Rb2+ 55. Rc2 Rb4 56. Ke3 Kf6 57. Ke4 Ke6 58. Rc3 Ra4
59. g5 Ra1 60. f5+ Kd6 61. f6 Ke6 62. Rxc4 Re1+ 63. Kf4 Kf7 64. Rxc5 Kg6 65.
Rc3 Rf1+ 66. Rf3 Ra1 67. Kg3 Ra7 68. Kg4 Ra4+ 69. Rf4 Ra7 70. Kf3 Ra3+ 71. Ke2
Ra8 72. Rg4 Ra3 73. Rf4 Ra8 74. Rg4 Ra3 75. Kf2 Rb3 76. Rg3 Rb4 77. Kf3 Ra4 78.
Rg4 Ra5 79. Rf4 Ra8 80. Kg4 Rb8 81. Kh4 Rb7 82. Kg4 Ra7 83. Rd4 Rb7 84. Rd5
Rb4+ 85. Kf3 Ra4 86. Re5 Ra8 87. Ke4 Rd8 88. Rd5 Re8+ 89. Kd4 Re6 90. Rd8 Ra6
91. Rg8+ Kf7 92. Rg7+ Kf8 93. Ke4 Ra5 94. Kf4 Rb5 95. Kg4 Rb6 96. Kh5 Ra6 97.
Kg6 Rb6 98. Rh7 Kg8 99. Re7 Kf8 100. Rc7 Rb8 101. Rh7 1-0

[Event "DEM U12/U12w 2013"]
[Site "Oberhof GER"]
[Date "2013.05.24"]
[Round "10"]
[White "Muckle, Julius"]
[Black "Biastoch, Bennet"]
[Result "1-0"]
[Termination "normal"]
[Board "10"]
[WhiteElo "1804"]
[BlackElo "1676"]
[PlyCount "49"]
[WhiteFideId "12942430"]
[BlackFideId "12939889"]
[EventCountry "GER"]
[EventRounds "11"]
[EventType "swiss"]
[EventDate "2013.05.18"]

1. d4 Nf6 2. c4 g6 3. Nc3 Bg7 4. e4 d6 5. f3 O-O 6. Be3 e5 7. d5 Nh5 8. Qd2
Qh4+ 9. g3 Qe7 10. O-O-O f5 11. exf5 gxf5 12. Nh3 Nd7 13. g4 f4 14. Bf2 Nhf6
15. Ng5 Nc5 16. Bxc5 dxc5 17. h4 Re8 18. Nge4 Bd7 19. Bd3 a6 20. Nxf6+ Qxf6 21.
Ne4 Qe7 22. Rdg1 b5 23. g5 Reb8 24. h5 Bf5 25. Nf6+ 1-0

[Event "DEM U12/U12w 2013"]
[Site "Oberhof GER"]
[Date "2013.05.24"]
[Round "10"]
[White "Simon, Tim"]
[Black "Reimann, Sebastian"]
[Result "0-1"]
[Termination "normal"]
[Board "11"]
[WhiteElo "1640"]
[BlackElo "1629"]
[PlyCount "58"]
[WhiteFideId "12971740"]
[BlackFideId "12928054"]
[EventCountry "GER"]
[EventRounds "11"]
[EventType "swiss"]
[EventDate "2013.05.18"]

1. e4 e5 2. Nf3 Nc6 3. d4 exd4 4. Nxd4 Bc5 5. Be3 Qf6 6. c3 Nge7 7. g3 d5 8.
Bg2 dxe4 9. Nd2 Bb6 10. Nxe4 Qg6 11. O-O O-O 12. h4 Bg4 13. Bf3 Bxf3 14. Qxf3
Bxd4 15. cxd4 Nf5 16. Ng5 h6 17. h5 Qd6 18. Qxf5 hxg5 19. Bxg5 Nxd4 20. Qg4 Qd5
21. f3 f5 22. Qh3 Nxf3+ 23. Rxf3 Qxf3 24. Bf4 c6 25. h6 Qg4 26. h7+ Kh8 27. Qh2
Rfe8 28. Kf1 Qf3+ 29. Kg1 Re2 0-1